LEADER 01447nam a2200277 i 4500 001 000000090948 003 CaOOAMICUS 005 20220523124417.0 008 151223s1772 it u000 u ita u 013 $a63190 026 $at-li 23ti e;i- alpe (3) 1772 (R) 040 $aSeMil$bita 100 1 $aBacci, Pietro Giacomo,$d.$0(OLS)http://semarc/name/19176 245 10$aVita di s. Filippo Neri fiorentino fondatore della Congregazione dell'oratorio. Scritta dal p. Pietro Giacomo Bacci ... ed accresciuta di molti fatti, e detti dell'istesso santo, cavati da i processi della sua canonizzazione. 260 $aVenezia :$bAppresso Simone Occhi,$c1772. 300 $aXVI, 560 p. ;$c8º. 500 $aSegn.: a8 A-2M8 600 04$aNeri, Filippo .$0(OLS)http://semarc/subject/1201 700 1 $aOcchi, Simone,$c.$0(OLS)http://semarc/name/2607 850 $aSeMil 852 $aSeMil$W1$xVenegono$y1$m3H III 110 FA$j53909$B53909$CSeMilBibl$Z2$F58549 $8I 941 1 $a10 961 $aRecupero: Mantegazza 996 $6245$aVita di s. Filippo Neri fiorentino fondatore della Congregazione dell'oratorio. Scritta dal p. Pietro Giacomo Bacci ... ed accresciuta di molti fatti, e detti dell'istesso santo, cavati da i processi della sua canonizzazione$9(OLS)http://semarc/title/137009 996 $6260$aVenezia :$bAppresso Simone Occhi$9(OLS)http://semarc/publisher/43712 LEADER 01753nam a2200337 i 4500 001 000000045027 003 CaOOAMICUS 005 20250813112238.0 008 120626s1761 xx u000 u lat u 013 $a16197 026 $ac-n- o-us o-e- noSe (3) 1761 (R) 040 $aSeMil$bita 240 10$aCatechismus ad parochos.$0(OLS)http://semarc/title/66826 245 10$aCatechismus ex decreto Concilii Tridentini ad parochos, Pii 5. Pont. Max. Primum, nunc sanctis D.N. Clementis 13. iussu editus. 260 $aRomae :$bEx officina Ioan. Bapt. Bernabò et Iosephi Lazarini, Typis Camerae Apostolicae,$c1761. 300 $a[12], 503, [25] p. ;$c4°. 500 $aStemma calcogr. di Clemente 13. sul front. - Segn. : *6 A-2K8. - Il v. dell'ultima c. è bianco. 650 4$aCatechismus Romanus.$0(OLS)http://semarc/subject/1957 700 0 $aPius V,$c.$0(OLS)http://semarc/name/3050 700 1 $aBernabò, Giovanni Battista & Lazzarini, Giuseppe,$c.$0(OLS)http://semarc/name/7941 710 2 $aStamperia Camerale$b.$0(OLS)http://semarc/name/4421 710 2 $aChiesa Cattolica.$0(OLS)http://semarc/name/987 850 $aSeMil 852 $aSeMil$W1$xVenegono$y1$m2A IV 11 FA$j11182$B11182$CSeMilBibl$Z2$F11182 $8I 900 0 $aPio V$c. 910 2 $aSanta Sede. 996 $6245$aCatechismus ex decreto Concilii Tridentini ad parochos, Pii 5. Pont. Max. Primum, nunc sanctis D.N. Clementis 13. iussu editus$9(OLS)http://semarc/title/66825 996 $6260$aRomae :$bEx officina Ioan. Bapt. Bernabò et Iosephi Lazarini, Typis Camerae Apostolicae$9(OLS)http://semarc/publisher/40636